000 00882nam a22002177a 4500
001 K121145
008 160218b1983 xxu||||| |||| 00| 0 eng d
041 _aeng
245 _a(Assorted photographs and ephemera from Clifford Dann's year as RICS President from 1983-84)
260 _c1983-84
300 _aArchive box
520 _aCollection of photographs and ephemera from Clifford Dann OBE's year as RICS president from 1983-84. Includes pictures of dinners, event and foreign travel. The collection was donated by his widow Patricia Dann.
520 _aPlease ask [email protected] if you would like to view this collection
650 _aRICS HISTORY
650 _aCLIFFORD DANN
650 _aRICS PRESIDENT
651 _aUnited Kingdom 1973
690 _96277
_aRICS
856 _zplease ask if you would like to view this collection
_uhttps://
942 _n1
999 _c121145
_d121145